Командиры "Третьего Рейха": пер. с англ.

Detalhes bibliográficos
Autor principal: Митчем С. Сэмюэль
Outros Autores: Мюллер Д. Джин (редактор), Пернавский Г. Ю.
Idioma:russo
Publicado em: Смоленск, Русич, 1995
Colecção:Тирания
Assuntos:
Formato: MixedMaterials Livro
KOHA link:https://koha.lib.tpu.ru/cgi-bin/koha/opac-detail.pl?biblionumber=1563

MARC

LEADER 00000nam0a2200000 4500
001 1563
005 20231030173307.0
010 |a 5885902879 
035 |a (RuTPU)RU\TPU\book\1571 
035 |a BOOK00001573 
090 |a 1563 
100 |a 20011209d1995 m y0rusy50 ca 
101 1 |a rus  |c eng 
102 |a RU 
105 |a a z 000zy 
200 1 |a Командиры "Третьего Рейха"  |e пер. с англ.  |f С. Митчем, Д. Мюллер  |g под ред. Г. Ю. Пернавского 
210 |a Смоленск  |c Русич  |d 1995 
215 |a 480 с.  |c ил. 
225 1 |a Тирания 
610 1 |a Германия 
610 1 |a история 
610 1 |a германский фашизм 
610 1 |a третий Рейх 
686 |a Т3(4Гем)613/62  |v LBC/SL-A  |2 rubbk 
700 1 |a Митчем  |b С.  |g Сэмюэль 
701 1 |a Мюллер  |b Д.  |g Джин 
702 1 |a Пернавский  |b Г. Ю.  |4 340 
801 0 |a RU  |b 63413507  |c 20011209  |g PSBO 
801 2 |a RU  |b 63413507  |c 20120409  |g PSBO 
942 |c BK